<?xml version="1.0" encoding="UTF-8"?>
<record
    xmlns:xsi="http://www.w3.org/2001/XMLSchema-instance"
    xsi:schemaLocation="http://www.loc.gov/MARC21/slim http://www.loc.gov/standards/marcxml/schema/MARC21slim.xsd"
    xmlns="http://www.loc.gov/MARC21/slim">

  <leader>01486nam a22002417a 4500</leader>
  <datafield tag="952" ind1=" " ind2=" ">
    <subfield code="0">0</subfield>
    <subfield code="1">0</subfield>
    <subfield code="3">tomo V </subfield>
    <subfield code="4">0</subfield>
    <subfield code="7">0</subfield>
    <subfield code="a">23</subfield>
    <subfield code="b">23</subfield>
    <subfield code="d">2016-08-19</subfield>
    <subfield code="l">0</subfield>
    <subfield code="o">F1210 H57 2006</subfield>
    <subfield code="p">23 000883</subfield>
    <subfield code="r">2016-08-19</subfield>
    <subfield code="t">1 </subfield>
    <subfield code="w">2016-08-19</subfield>
    <subfield code="y">LB</subfield>
  </datafield>
  <datafield tag="952" ind1=" " ind2=" ">
    <subfield code="0">0</subfield>
    <subfield code="1">0</subfield>
    <subfield code="3">tomo V</subfield>
    <subfield code="4">0</subfield>
    <subfield code="7">0</subfield>
    <subfield code="a">23</subfield>
    <subfield code="b">23</subfield>
    <subfield code="d">2017-08-17</subfield>
    <subfield code="l">1</subfield>
    <subfield code="o">F1210 H57 2006</subfield>
    <subfield code="p">23 001386</subfield>
    <subfield code="r">2022-10-04</subfield>
    <subfield code="s">2022-10-03</subfield>
    <subfield code="t">2 </subfield>
    <subfield code="w">2017-08-17</subfield>
    <subfield code="y">LB</subfield>
  </datafield>
  <datafield tag="952" ind1=" " ind2=" ">
    <subfield code="0">0</subfield>
    <subfield code="1">0</subfield>
    <subfield code="3">tomo V</subfield>
    <subfield code="4">0</subfield>
    <subfield code="7">0</subfield>
    <subfield code="a">23</subfield>
    <subfield code="b">23</subfield>
    <subfield code="d">2017-08-17</subfield>
    <subfield code="l">0</subfield>
    <subfield code="o">F1210 H57 2006</subfield>
    <subfield code="p">23 001387</subfield>
    <subfield code="r">2017-08-17</subfield>
    <subfield code="t">3 </subfield>
    <subfield code="w">2017-08-17</subfield>
    <subfield code="y">LB</subfield>
  </datafield>
  <datafield tag="952" ind1=" " ind2=" ">
    <subfield code="0">0</subfield>
    <subfield code="1">0</subfield>
    <subfield code="3">tomo V</subfield>
    <subfield code="4">0</subfield>
    <subfield code="7">0</subfield>
    <subfield code="a">23</subfield>
    <subfield code="b">23</subfield>
    <subfield code="d">2017-08-17</subfield>
    <subfield code="l">0</subfield>
    <subfield code="o">F1210 H57 2006</subfield>
    <subfield code="p">23 001388</subfield>
    <subfield code="r">2017-08-17</subfield>
    <subfield code="t">4 </subfield>
    <subfield code="w">2017-08-17</subfield>
    <subfield code="y">LB</subfield>
  </datafield>
  <datafield tag="952" ind1=" " ind2=" ">
    <subfield code="0">0</subfield>
    <subfield code="1">0</subfield>
    <subfield code="3">tomo V</subfield>
    <subfield code="4">0</subfield>
    <subfield code="7">0</subfield>
    <subfield code="a">23</subfield>
    <subfield code="b">23</subfield>
    <subfield code="d">2018-02-26</subfield>
    <subfield code="l">0</subfield>
    <subfield code="o">F1210 H57 2006</subfield>
    <subfield code="p">23 001601</subfield>
    <subfield code="r">2018-02-26</subfield>
    <subfield code="t">5</subfield>
    <subfield code="w">2018-02-26</subfield>
    <subfield code="y">LB</subfield>
  </datafield>
  <datafield tag="952" ind1=" " ind2=" ">
    <subfield code="0">0</subfield>
    <subfield code="1">0</subfield>
    <subfield code="3">tomo V</subfield>
    <subfield code="4">0</subfield>
    <subfield code="7">0</subfield>
    <subfield code="a">23</subfield>
    <subfield code="b">23</subfield>
    <subfield code="d">2018-02-26</subfield>
    <subfield code="l">0</subfield>
    <subfield code="o">F1210 H57 2006</subfield>
    <subfield code="p">23 001602</subfield>
    <subfield code="r">2018-02-26</subfield>
    <subfield code="t">6</subfield>
    <subfield code="w">2018-02-26</subfield>
    <subfield code="y">LB</subfield>
  </datafield>
  <datafield tag="952" ind1=" " ind2=" ">
    <subfield code="0">0</subfield>
    <subfield code="1">0</subfield>
    <subfield code="3">tomo V</subfield>
    <subfield code="4">0</subfield>
    <subfield code="7">0</subfield>
    <subfield code="a">23</subfield>
    <subfield code="b">23</subfield>
    <subfield code="d">2018-02-26</subfield>
    <subfield code="l">0</subfield>
    <subfield code="o">F1210 H57 2006</subfield>
    <subfield code="p">23 001603</subfield>
    <subfield code="r">2018-02-26</subfield>
    <subfield code="t">7</subfield>
    <subfield code="w">2018-02-26</subfield>
    <subfield code="y">LB</subfield>
  </datafield>
  <datafield tag="952" ind1=" " ind2=" ">
    <subfield code="0">0</subfield>
    <subfield code="1">0</subfield>
    <subfield code="3">tomo V</subfield>
    <subfield code="4">0</subfield>
    <subfield code="7">0</subfield>
    <subfield code="a">23</subfield>
    <subfield code="b">23</subfield>
    <subfield code="d">2018-02-26</subfield>
    <subfield code="l">0</subfield>
    <subfield code="o">F1210 H57 2006</subfield>
    <subfield code="p">23 001604</subfield>
    <subfield code="r">2018-02-26</subfield>
    <subfield code="t">8</subfield>
    <subfield code="w">2018-02-26</subfield>
    <subfield code="y">LB</subfield>
  </datafield>
  <datafield tag="952" ind1=" " ind2=" ">
    <subfield code="0">0</subfield>
    <subfield code="1">0</subfield>
    <subfield code="3">tomo V</subfield>
    <subfield code="4">0</subfield>
    <subfield code="7">0</subfield>
    <subfield code="a">23</subfield>
    <subfield code="b">23</subfield>
    <subfield code="d">2018-02-26</subfield>
    <subfield code="l">0</subfield>
    <subfield code="o">F1210 H57 2006</subfield>
    <subfield code="p">23 001605</subfield>
    <subfield code="r">2018-02-26</subfield>
    <subfield code="t">9</subfield>
    <subfield code="w">2018-02-26</subfield>
    <subfield code="y">LB</subfield>
  </datafield>
  <datafield tag="999" ind1=" " ind2=" ">
    <subfield code="c">100692</subfield>
    <subfield code="d">100692</subfield>
  </datafield>
  <controlfield tag="008">160819s2006    mx ||||| |||| 00| 0 spa d</controlfield>
  <datafield tag="020" ind1=" " ind2=" ">
    <subfield code="a">9789681211059 (Colegio de M&#xE9;xico : r&#xFA;stico)</subfield>
  </datafield>
  <datafield tag="020" ind1=" " ind2=" ">
    <subfield code="a">97896816814943 (FCE : r&#xFA;stico)</subfield>
  </datafield>
  <datafield tag="050" ind1=" " ind2="4">
    <subfield code="a">F1210</subfield>
    <subfield code="b">H57 2006</subfield>
  </datafield>
  <datafield tag="245" ind1="0" ind2="0">
    <subfield code="a">Historia de la vida cotidiana en M&#xE9;xico</subfield>
    <subfield code="b"> : Tomo V : volumen 1. Siglo XX. Campo y ciudad tradici&#xF3;n y cambio</subfield>
    <subfield code="c">/ Aurelio de los Reyes, coordinador</subfield>
  </datafield>
  <datafield tag="260" ind1="3" ind2=" ">
    <subfield code="a">M&#xE9;xico</subfield>
    <subfield code="b">:  El Colegio de M&#xE9;xico ; Fondo de Cultura Econ&#xF3;mica</subfield>
    <subfield code="c">, 2006</subfield>
  </datafield>
  <datafield tag="300" ind1=" " ind2=" ">
    <subfield code="a">465 p&#xE1;ginas</subfield>
  </datafield>
  <datafield tag="490" ind1="0" ind2=" ">
    <subfield code="a">Secci&#xF3;n de Obras de Historia</subfield>
  </datafield>
  <datafield tag="500" ind1=" " ind2=" ">
    <subfield code="a">Segunda reimpresi&#xF3;n, 2012</subfield>
  </datafield>
  <datafield tag="505" ind1="0" ind2=" ">
    <subfield code="a">De barrios y arrabales: entorno, cultura material y quehacer cotidiano (ciudad de M&#xE9;xico, 1890-1910)
La vida campesina durante la revoluci&#xF3;n: el caso zapatista
El espejo de la &#xE9;lite social (1920-1940)</subfield>
  </datafield>
  <datafield tag="519" ind1=" " ind2=" ">
    <subfield code="a">Plan UNAM 2o. Semestre /</subfield>
    <subfield code="b">Enfermer&#xED;a /</subfield>
    <subfield code="c">Historia de la Enfermer&#xED;a en M&#xE9;xico (1212) / </subfield>
    <subfield code="d">(23 000883, 23 001386, 23 001387, 23 001388, 23 001601, 23 001602, 23 001603, 23 001604, 23 001605)</subfield>
  </datafield>
  <datafield tag="650" ind1="1" ind2="4">
    <subfield code="a">ETNOLOG&#xCD;A</subfield>
    <subfield code="v">M&#xC9;XICO - CIUDAD DE M&#xC9;XICO</subfield>
  </datafield>
  <datafield tag="651" ind1="2" ind2="4">
    <subfield code="a">CIUDAD DE M&#xC9;XICO (M&#xC9;XICO)</subfield>
    <subfield code="v">VIDA SOCIAL Y COSTUMBRES</subfield>
  </datafield>
  <datafield tag="700" ind1=" " ind2=" ">
    <subfield code="a">de los Reyes, Aurelio</subfield>
    <subfield code="e">coordinador</subfield>
  </datafield>
  <datafield tag="942" ind1=" " ind2=" ">
    <subfield code="c">LB</subfield>
  </datafield>
</record>
